00536nam a2200193Ia 450000500170000000800410001702000180005804100120007608200150008810000210010324500560012426000440018030000200022465000140024465000230025865000220028165000220030365000170032520260429111901.0260429s9999||||xx |||||||||||||| ||und|| a9789390680764 aEnglish a294.5bAIY aAiyer, Sivaswamy 0aEvolution of Hindu moral ideals / cSivaswamy Aiyer aJaipur : bHilltop Publications,c2024. axix, 242 p.; hb a Hinduism a Indian philosophy a Moral philosophy a Religious values aHindu ethics